• 首页
  • 本馆介绍
  • 公告通知
  • 最新文献
  • 馆藏检索
  • 电子资源
  • 读者导购
  • 参考咨询
  • 我的图书馆
  • 登录
  • 详细信息显示
  • 放入我的书架
  • 预约/预借图书
  • 作者相关作品
  • 分类相关作品
  • 丛书相关作品
  • 出版社相关作品

书目信息

  • 表格格式
  • 工作单格式
  • 卡片格式
题名:
学校体育学
    
 
作者: 潘绍伟 , 于可红 主编
分册:  
出版信息: 北京   高等教育出版社  2008
页数: 275页
开本: 20cm
丛书名:
单 册:
中图分类: G807.0
科图分类:
主题词: 学校体育--高等学校--教材 , 学校体育
电子资源:
ISBN: 978-7-04-024000-9
000 00963nam0 2200265 45
001 1162934437
005 20240606155814.81
010    @a978-7-04-024000-9@dCNY27.80
100    @a20110110e20102008em y0chiy50 ea
101 0  @achi
102    @aCN@b110000
105    @ay z 000yy
200 1  @a学校体育学@AXue Xiao Ti Yu Xue@f潘绍伟,于可红主编@FPan Shao Wei, Yu Ke Hong Zhu Bian
205    @a2版
210    @a北京@c高等教育出版社@d2008@h2010
215    @a275页@d20cm
300    @a普通高等教育“十一五”国家级规划教材普通高等学校体育教育专业主干课系列教材全国普通高等学校体育教学指导委员会审定
330    @a本书编为四篇:第一篇,学校体育基本问题;第二篇,体育课程与体育实施;第三篇,课外体育;第四篇,体育教师。
606 0  @a学校体育@x高等学校@j教材
606 0  @a学校体育
690    @aG807.0@v4
701  0 @a潘绍伟@APan Shao Wei@4主编
701  0 @a于可红@AYu Ke Hong@4主编
801  0 @aCN@bTANGWEI@c20110110
905    @b0529206-10@dG807.0@et353=2@f5
    
    学校体育学/潘绍伟,于可红主编.-2版.-北京:高等教育出版社,2008(2010)
    275页;20cm
    普通高等教育“十一五”国家级规划教材普通高等学校体育教育专业主干课系列教材全国普通高等学校体育教学指导委员会审定
    
    ISBN 978-7-04-024000-9:CNY27.80
    本书编为四篇:第一篇,学校体育基本问题;第二篇,体育课程与体育实施;第三篇,课外体育;第四篇,体育教师。
●
相关链接 在E读中查询图书 在五车中查询图书 在当当中查询图书 在豆瓣中查询图书


正题名:学校体育学     索取号:G807.0/t353=2         预约/预借

序号 登录号 条形码 馆藏地/架位号 状态 备注
1 0529206   205292066   第一样本阅览室/ [索取号:G807.0/t353=2] 在馆    
2 0529207   205292075   密集书库-体育系/ [索取号:G807.0/t353=2] 在馆    
3 0529208   205292084   第四借阅区/ [索取号:G807.0/t353=2] 在馆    
4 0529209   205292093   第四借阅区/ [索取号:G807.0/t353=2] 在馆    
5 0529210   205292100   第四借阅区/ [索取号:G807.0/t353=2] 在馆    
6 1056419   210564192   密集书库-体育系/ [索取号:G807.0/t353=2] 在馆    
7 1056420   210564209   密集书库-体育系/ [索取号:G807.0/t353=2] 在馆    
8 1056421   210564218   密集书库-体育系/ [索取号:G807.0/t353=2] 在馆    
9 1056422   210564227   密集书库-体育系/ [索取号:G807.0/t353=2] 在馆    
10 1056423   210564236   密集书库-体育系/ [索取号:G807.0/t353=2] 在馆    
11 1056425   210564254   密集书库-体育系/ [索取号:G807.0/t353=2] 在馆    
唐山师范学院图书馆 欢迎您!
大连网信软件有限公司© 版权所有